Elementary structural design. (Record no. 546744)
[ view plain ]
| 000 -LEADER | |
|---|---|
| fixed length control field | 00450cam a22001451 4500 |
| 082 ## - DEWEY DECIMAL CLASSIFICATION NUMBER | |
| Classification number | 624.1771 |
| Author Mark | HAR |
| -- | L-20, P-75 |
| 100 1# - MAIN ENTRY--PERSONAL NAME | |
| Personal name | Harris, Charles Overton, |
| 9 (RLIN) | 42940 |
| 245 10 - TITLE STATEMENT | |
| Title | Elementary structural design. |
| 260 ## - PUBLICATION, DISTRIBUTION, ETC. | |
| Place of publication, distribution, etc. | Chicago, |
| Name of publisher, distributor, etc. | American Technical Society, |
| Date of publication, distribution, etc. | 1951. |
| 300 ## - PHYSICAL DESCRIPTION | |
| Extent | vi, 163 p. |
| Other physical details | illus. |
| Dimensions | 29 cm. |
| 526 ## - STUDY PROGRAM INFORMATION NOTE | |
| Program name | 0 |
| Interest level | 0 |
| Reading level | 0 |
| Title point value | 624_177100000000000_HAR |
| 650 #0 - SUBJECT ADDED ENTRY--TOPICAL TERM | |
| Topical term or geographic name entry element | MCE |
| 9 (RLIN) | 379 |
| 650 #0 - SUBJECT ADDED ENTRY--TOPICAL TERM | |
| Topical term or geographic name entry element | Structural analysis (Engineering) |
| 9 (RLIN) | 654 |
| 942 ## - ADDED ENTRY ELEMENTS (KOHA) | |
| Source of classification or shelving scheme | |
| Koha item type | Book |
| Withdrawn status | Lost status | Source of classification or shelving scheme | Damaged status | Not for loan | Permanent Location | Current Location | Date acquired | Total Checkouts | Full call number | Barcode | Date last seen | Price effective from | Koha item type |
|---|---|---|---|---|---|---|---|---|---|---|---|---|---|
| Military College of Engineering (MCE) | Military College of Engineering (MCE) | 06/18/2014 | 624.1771 HAR | MCE-2319 | 06/18/2014 | 06/18/2014 | Book |
